书目信息 |
| 题名: |
美声与民族唱法研究
|
|
| 作者: | 王杨 著 | |
| 分册: | ||
| 出版信息: | 北京 中国纺织出版社 2018 |
|
| 页数: | 169页 | |
| 开本: | 23cm | |
| 丛书名: | ||
| 单 册: | ||
| 中图分类: | J616.2 | |
| 科图分类: | ||
| 主题词: | 美声唱法--mei sheng chang fa--研究 , 民族唱法--min zu chang fa--研究 | |
| 电子资源: | ||
| ISBN: | 978-7-5180-4059-9 | |
| 000 | 01233nam0 2200265 450 | |
| 001 | 012001006479 | |
| 005 | 20131101162747.0 | |
| 010 | @a978-7-5180-4059-9@dCNY57.00 | |
| 099 | @aCAL 012018135345 | |
| 100 | @a20181029d2018 em y0chiy50 ea | |
| 101 | 0 | @achi |
| 102 | @aCN@b110000 | |
| 105 | @aag a 000yy | |
| 106 | @ar | |
| 200 | 1 | @a美声与民族唱法研究@Amei sheng yu min zu chang fa yan jiu@f王杨著 |
| 210 | @a北京@c中国纺织出版社@d2018 | |
| 215 | @a169页@c图, 乐谱@d23cm | |
| 320 | @a有书目 (第168-169页) | |
| 330 | @a本书根据当前声乐表演的理论与实践,着眼于民族、美声两种不同唱法的特点和表现形式,进行深入细致的分析与研究。拟针对声乐演唱基本理论与技术;演唱语言技巧;语音语调处理技巧;民族唱法的特点及表现;美声唱法的特点及表现等几个方面进行细致地分析、阐述和研究。力图使声乐演唱的技术技巧得到深入剖析,同时应用到不同的唱法实践当中。不仅如此,本书还将理论与实践相结合,配以充分的歌唱实例进行分析,从理论讲解和实践演唱两个方面进行全方位的把握,以图能够针对不同唱法的演唱技巧做综合指导。 | |
| 606 | 0 | @a美声唱法@Amei sheng chang fa@x研究 |
| 606 | 0 | @a民族唱法@Amin zu chang fa@x研究 |
| 690 | @aJ616.2@v5 | |
| 701 | 0 | @a王杨@Awang yang@4著 |
| 801 | 0 | @aCN@b上海新华@c20191020 |
| 905 | @b1131678-81@dJ616.2@e1039@f4 | |
| 美声与民族唱法研究/王杨著.-北京:中国纺织出版社,2018 |
| 169页:图, 乐谱;23cm |
| ISBN 978-7-5180-4059-9:CNY57.00 |
| 本书根据当前声乐表演的理论与实践,着眼于民族、美声两种不同唱法的特点和表现形式,进行深入细致的分析与研究。拟针对声乐演唱基本理论与技术;演唱语言技巧;语音语调处理技巧;民族唱法的特点及表现;美声唱法的特点及表现等几个方面进行细致地分析、阐述和研究。力图使声乐演唱的技术技巧得到深入剖析,同时应用到不同的唱法实践当中。不仅如此,本书还将理论与实践相结合,配以充分的歌唱实例进行分析,从理论讲解和实践演唱两个方面进行全方位的把握,以图能够针对不同唱法的演唱技巧做综合指导。 |
| ● |
| 相关链接 |
|
|
|
|
正题名:美声与民族唱法研究
索取号:J616.2/1039
 
预约/预借
| 序号 | 登录号 | 条形码 | 馆藏地/架位号 | 状态 | 备注 |
| 1 | 1131678 | 211316789 | 第一样本阅览室/ [索取号:J616.2/1039] | 在馆 | |
| 2 | 1131679 | 211316798 | 第一借阅区/ [索取号:J616.2/1039] | 在馆 | |
| 3 | 1131680 | 211316805 | 第一借阅区/ [索取号:J616.2/1039] | 在馆 | |
| 4 | 1131681 | 211316814 | 第一借阅区/ [索取号:J616.2/1039] | 在馆 |